উড়হি ড়ভ খড়াব (Record no. 2825)
[ view plain ]
| 000 -LEADER | |
|---|---|
| fixed length control field | 00512nam a2200157Ia 4500 |
| 008 - FIXED-LENGTH DATA ELEMENTS--GENERAL INFORMATION | |
| fixed length control field | 151213s9999 xx 000 0 und d |
| 100 ## - MAIN ENTRY--PERSONAL NAME | |
| Personal name | ঝযববহড়ু |
| 245 ## - TITLE STATEMENT | |
| Title | উড়হি ড়ভ খড়াব |
| Statement of responsibility, etc. | ঝযববহড়ু |
| 250 ## - EDITION STATEMENT | |
| Edition statement | ১ংঃ |
| 260 ## - PUBLICATION, DISTRIBUTION, ETC. (IMPRINT) | |
| Place of publication, distribution, etc. | ট. ক. |
| Name of publisher, distributor, etc. | ঘধযরফ ওংষধস ্ ঝযড়যরনঁষ ওংষধস |
| Date of publication, distribution, etc. | 1993 |
| 300 ## - PHYSICAL DESCRIPTION | |
| Extent | 4450 p. |
| 650 ## - SUBJECT ADDED ENTRY--TOPICAL TERM | |
| Topical term or geographic name as entry element | Bangla |
| 650 ## - SUBJECT ADDED ENTRY--TOPICAL TERM | |
| Topical term or geographic name as entry element | কবিতা |
| 700 ## - ADDED ENTRY--PERSONAL NAME | |
| Personal name | ঝযববহড়ু |
No items available.
